The awnless annual species of Muhlenbergia. (Record no. 52785)

MARC details
000 -LEADER
fixed length control field 00959cam a22002651 4500
001 - CONTROL NUMBER
control field s 48000001
003 - CONTROL NUMBER IDENTIFIER
control field DLC
005 - DATE AND TIME OF LATEST TRANSACTION
control field 20260227111912.0
008 - FIXED-LENGTH DATA ELEMENTS--GENERAL INFORMATION
fixed length control field 800107s1947 dcu b f001 0 eng c
010 ## - LIBRARY OF CONGRESS CONTROL NUMBER
LC control number s 48000001
035 ## - SYSTEM CONTROL NUMBER
System control number (OCoLC)5848574
040 ## - CATALOGING SOURCE
Original cataloging agency Smithsonian Institution
Transcribing agency GVaS
Modifying agency OCoLC
-- DLC
042 ## - AUTHENTICATION CODE
Authentication code premarc
050 00 - LIBRARY OF CONGRESS CALL NUMBER
Classification number QK1
Item number .U5 vol. 29, pt. 4
051 ## - LIBRARY OF CONGRESS COPY, ISSUE, OFFPRINT STATEMENT
Classification number QK495.G74
Item number S87
Copy information Copy 2
082 ## - DEWEY DECIMAL CLASSIFICATION NUMBER
Classification number 584.9
100 1# - MAIN ENTRY--PERSONAL NAME
Personal name Swallen, Jason R.
Fuller form of name (Jason Richard),
Dates associated with a name 1903-1991.
245 14 - TITLE STATEMENT
Title The awnless annual species of Muhlenbergia.
260 ## - PUBLICATION, DISTRIBUTION, ETC.
Place of publication, distribution, etc. Washington,
Name of publisher, distributor, etc. U.S. Govt. Print. Off.,
Date of publication, distribution, etc. 1947.
300 ## - PHYSICAL DESCRIPTION
Extent 203-208 p.
Dimensions 25 cm.
490 1# - SERIES STATEMENT
Series statement Smithsonian Institution. United States National Museum. Contributions from the United States National Herbarium,
Volume/sequential designation v. 29, p. 4
650 #0 - SUBJECT ADDED ENTRY--TOPICAL TERM
Topical term or geographic name entry element Grasses.
650 #0 - SUBJECT ADDED ENTRY--TOPICAL TERM
Topical term or geographic name entry element Muhlenbergia.
810 2# - SERIES ADDED ENTRY--CORPORATE NAME
Corporate name or jurisdiction name as entry element United States National Museum.
Title of a work Contributions from the United States National Herbarium ;
Volume/sequential designation v. 29, pt. 4.

No items available.

Powered by Koha